| 000 | 01319nam a22003497a 4500 | ||
|---|---|---|---|
| 001 | 430 | ||
| 003 | FISKH | ||
| 005 | 20230420144030.0 | ||
| 008 | 230420b cb ||||| |||| 00| 0 eng d | ||
| 020 | _a9780531222089 | ||
| 040 |
_aDLC _cDLC _dDLC _dFISKH _beng |
||
| 043 |
_ae-pl--- _ae-fr--- |
||
| 050 | 0 | 0 |
_aQD22.C8 _bV46 2009 |
| 082 | 0 | 0 |
_a540.92 _aB _222 |
| 100 | 1 | _aVenezia, Mike. | |
| 245 | 1 | 0 |
_aMarie Curie : _bscientist who made glowing discoveries / _cwritten and illustrated by Mike Venezia. |
| 260 |
_aNew York : _bChildren's Press, _c2009. |
||
| 300 |
_a32 p. : _bill. (mostly col.) ; _c25 cm. |
||
| 490 | 0 | _aGetting to know the world's greatest inventors and scientists | |
| 500 | _aIncludes index. | ||
| 505 | _aO | ||
| 521 | 8 |
_a840
_bLexile |
|
| 521 | 8 |
_aO
_bRaz-Plus |
|
| 600 | 1 | 0 |
_aCurie, Marie, _d1867-1934 _vJuvenile literature. |
| 650 | 0 |
_aChemists _zPoland _vBiography _vJuvenile literature. |
|
| 650 | 0 |
_aWomen chemists _zPoland _vBiography _vJuvenile literature. |
|
| 650 | 0 |
_aChemists _zFrance _vBiography _vJuvenile literature. |
|
| 650 | 0 |
_aWomen chemists _zFrance _vBiography _vJuvenile literature. |
|
| 906 |
_a7 _bcbc _corignew _d1 _eecip _f20 _gy-gencatlg |
||
| 942 |
_2ddc _cBK _n0 |
||
| 999 |
_c430 _d430 |
||